RM a ECM ve finanční sféře
Využivanie RM a ECM systémov. Problémové oblasti. Postup pri skartovaní dokumentov. Používané technológie. Digitalizácia dokumentov.
Enregistré dans:
| Auteur principal: | |
|---|---|
| Format: | Chapitre de livre |
| Langue: | tchèque |
| Sujets: | |
| Tags: |
Pas de tags, Soyez le premier à ajouter un tag!
|
MARC
| LEADER | 00000naa$a2200000$$$4500 | ||
|---|---|---|---|
| 001 | 0056479 | ||
| 005 | 20231010094315.1 | ||
| 041 | 0 | |a cze | |
| 044 | |a CZ | ||
| 245 | 1 | 0 | |a RM a ECM ve finanční sféře |c Martin Seget |
| 520 | |a Využivanie RM a ECM systémov. Problémové oblasti. Postup pri skartovaní dokumentov. Používané technológie. Digitalizácia dokumentov. | ||
| 610 | 2 | 0 | |a systémy informačné |
| 610 | 2 | 0 | |a služby finančné |
| 610 | 2 | 0 | |a dokumenty elektronické |
| 610 | 2 | 0 | |a digitalizácia |
| 610 | 2 | 0 | |a technológie informačné |
| 100 | 1 | |a Seget, Martin | |